00338nam a22001457a 4500003000500000020001900005038001200024082001700036100001900053245003700072260004100109300002000150500001500170563000700185NUST a978-0170211734 akhadija a629.287bAUT aBennett, Sean. aAutomotive Mechanical Technology aAustralia:bCengage learning,c2010. a412 p. ;b26 cm aPaperback. aPB